| 000 | 00423nam a2200157Ia 4500 | ||
|---|---|---|---|
| 008 | 210210b1980 xxu||||| |||| 00| 0 eng d | ||
| 020 | _a0 7063 5985 2 | ||
| 082 | _a796.34228 JONW | ||
| 100 | _aJONES (C M) and BUXTON (Angela). | ||
| 245 | _aWinning tennis: doubles tactics. | ||
| 260 |
_aLondon. _bWard Lock Ltd., _c1980 |
||
| 300 | _a124 | ||
| 650 | _aTennis | ||
| 690 | _aAthletic & Outdoor Sports | ||
| 906 | _a042524 | ||
| 999 |
_c92362 _d92362 |
||